01009cam a2200229 a 450000100100000000500170001000800410002704000250006808200190009310000280011224501190014026000570025930000200031649000280033650400490036465000270041365000310044060000580047195201170052995201180064699900150076400001009020200929161834.0720511s1967 ag 001 d spa  aDO-SdBNPbspacBNPHU aA862.44bD559c1 aDiego, Celia de.92507310aCamino de luz y sombra :bobra teatral sobre la vida de Domingo Faustino Sarmiento, en dos actos y un epílogo /. aBuenos Aires, Argentina :bEditorial Talía,c1967. a67 p. ;c19 cm.1 aArgentina de teatrov60 aIncluye referencias bibliográficas (p. 67) 4aTeatro argentino94843 4aLiteratura argentina9386014aSARMIENTO, DOMINGO FAUSTINO,d1811-1888vDRAMA925074 001050718MOaGRbGRcHDd2009-10-03iLF1l0oA862.44 D559cp10090-10r2020-06-25w2020-06-25y1ZNo se presta 0010507-18MOaPDbPDcOId2017-05-25iLF1l0oA862.44 D559cp10090-20r2020-06-25w2020-06-25y1ZNo se presta c9849d9849